| 000 | 01133cam a22003014a 4500 | ||
|---|---|---|---|
| 001 | 14318709 | ||
| 005 | 20070122191912.0 | ||
| 008 | 060328s2007 njua b 001 0 eng | ||
| 010 | _a2006046002 | ||
| 020 | _a0131126156 | ||
| 020 | _a9780131126152 | ||
| 035 | _a(OCoLC)ocm65538826 | ||
| 035 | _a(OCoLC)65538826 | ||
| 040 |
_aDLC _cDLC _dBAKER _dC#P _dYDXCP _dOCLCQ _dBTCTA _dDLC |
||
| 042 | _apcc | ||
| 050 | 0 | 0 |
_aTK5101 _b.R595 2007 |
| 082 | 0 | 0 |
_a384 _222 _bROS |
| 100 | 1 |
_aRosengrant, M. A. _q(Martha A.) _93186 |
|
| 245 | 1 | 0 |
_aIntroduction to Telecommunications / _cM.A. Rosengrant. |
| 250 | _a2nd ed. | ||
| 260 |
_aUpper Saddle River, N.J. : _bPearson Prentice Hall, _cc2007. |
||
| 300 |
_axxi, 826 p. : _bill. ; _c29 cm. |
||
| 504 | _aIncludes bibliographical references (p. 808) and index. | ||
| 650 | 0 |
_aTelecommunication _vTextbooks. _93187 |
|
| 942 |
_2ddc _cBB |
||
| 999 |
_c11193 _d11193 |
||